| 000 | 00639nam a22001577a 4500 | ||
|---|---|---|---|
| 005 | 20250807112847.0 | ||
| 008 | 250807b |||||||| |||| 00| 0 eng d | ||
| 050 |
_aTHE RS 160 .W36 2021 _bC.1 |
||
| 100 | _aWangari, Lilian Wanjiku | ||
| 245 | _aPhytochemical investigation of the root of Milletia leucantha for antimicrobial properties | ||
| 260 |
_aKisii _bKisii University _c2021 |
||
| 300 | _axiv, 114p.:ill | ||
| 500 | _aIncludes bibliographical references | ||
| 650 | _a1. Milletia leucantha - Therapeutic use. 2. Medicinal plants - Kenya. 3. Phytochemicals - Analysis. 4. Antimicrobial agents - Plant sources. | ||
| 942 |
_2lcc _cREF |
||
| 999 |
_c215998 _d215998 |
||